00580nam a2200181 a 450000100100000000500170001000800410002704000250006808200150009310000240010824000290013224500870016126000430024830000210029165000260031265000300033870000300036800003501420200930074040.0111024s1968 es 000 f spa d aDO-SdBNPbspacBNPHU a813bH468r1 aHeinlein, Robert A.10aRevolt in 2100linglés10aRevuelta en el 2100 /cRobert A. Heinlein ; traducción Jesus de la Torre Roldan. aBarcelona :bEdiciones Geminis,c1968. a256 p. ;c18 cm. 4aNovela estadounidense 4aLiteratura estadounidense12aTorre Roldan, Jesus de la